Social work almanac

Includes bibliographical references and index; Neal A. Newfield, Ph.D., LICSW (Giver)

Wedi'i Gadw mewn:
Manylion Llyfryddiaeth
Prif Awdur: Ginsberg, Leon H
Fformat: Llyfr
Iaith:Undetermined
Cyhoeddwyd: Washington, DC NASW Press 1995
Pynciau:
Mynediad Ar-lein:http://lrc.tdmu.edu.vn/opac/search/detail.asp?aID=2&ID=32078
Tagiau: Ychwanegu Tag
Dim Tagiau, Byddwch y cyntaf i dagio'r cofnod hwn!
Thư viện lưu trữ: Trung tâm Học liệu Trường Đại học Thủ Dầu Một
LEADER 00919nam a2200205Ia 4500
001 TDMU_32078
008 210410s9999 xx 000 0 und d
082 |a 428.002433391 
090 |b G105 
100 |a Ginsberg, Leon H 
245 0 |a Social work almanac 
245 0 |c by Leon Ginsberg 
260 |a Washington, DC 
260 |b NASW Press 
260 |c 1995 
300 |a xxx, 391 p. 
520 |a Includes bibliographical references and index; Neal A. Newfield, Ph.D., LICSW (Giver)  |d 2017 
650 |a United States  |x Population  |v Statistics; Social service  |z United States  |v Statistics; Population  |z United States  |v Statistics; Social Work  |z United States  |v Statistics; Dịch vụ xã hội  |z Hoa Kỳ  |v Thống kê; Công tác xã hội  |z Hoa Kỳ  |v Thống kê 
856 |u http://lrc.tdmu.edu.vn/opac/search/detail.asp?aID=2&ID=32078 
980 |a Trung tâm Học liệu Trường Đại học Thủ Dầu Một